Sai che c'e di nuovo? /

সংরক্ষণ করুন:
গ্রন্থ-পঞ্জীর বিবরন
অন্যান্য লেখক: Schlesinger, John, Everett, Rupert, Madonna
বিন্যাস: স্লাইড্
ভাষা:ইতালিয়
প্রকাশিত: Segrate : Medusa video [distributore], [2000?]
ট্যাগগুলো: ট্যাগ যুক্ত করুন
কোনো ট্যাগ নেই, প্রথমজন হিসাবে ট্যাগ করুন!

MARC

LEADER 00000ngm a22000007i 4500
001 IT\ICCU\TO0\1060770
003 ItRI
005 20260124182847.0
008 020406s2000 it |||||||||||||||k|||||c
028 4 2 |a 1078401 
040 |b ita 
041 7 |a ita  |2 ISO-639-2 
130 4 |a The next best thing <film ; 2000>  |3 IT\ICCU\RAV\1139752 
245 0 0 |a Sai che c'e di nuovo? /  |c un film di John Schlesinger ; sceneggiatura di Howard Commungs ; scritto da Thomas Ropelewski. 
260 |a Segrate :  |b Medusa video [distributore],  |c [2000?] 
300 |a 1 videocassetta (VHS) (97 min.) :  |b color., son 
500 |a Tit. del contenitore 
500 |a Film del 2000, USA; interpreti: Madonna, Rupert Everett. 
700 1 |a Schlesinger, John  |0 IT\ICCU\RAVV\089241 
700 1 |a Everett, Rupert  |0 IT\ICCU\RAVV\089849 
700 0 |a Madonna  |0 IT\ICCU\RAVV\090347 
790 0 |a Madonna  |c  (Madonna Ciccone)  |3 IT\ICCU\CFIV\370258  |z Madonna 
790 1 |a Ciccone, Madonna  |3 IT\ICCU\SBNV\034421  |z Madonna 
790 1 |a Ciccone, Madonna Louise Veronica  |3 IT\ICCU\URBV\164797  |z Madonna 
942 |2 ddc  |c VM  |n 0 
952 |0 0  |1 0  |4 0  |6 VO_700_000000000000000  |7 0  |9 27140  |a BO  |b BO  |d 2026-01-24  |i 6651  |l 0  |o VO 700  |p BO6651  |r 2026-01-24 18:28:47  |w 2026-01-24  |x [Sebina 5] [1 videocassetta]  |y VM  |z 1 videocassetta 
999 |c 22973  |d 22973